Metallica-The Day That Never Comes Lyrics - Statistics

General Stats
  • This quiz has been taken 300 times
  • The average score is 26 of 41
Answer Stats
Answer % Correct
Born to {push} you around
96%
Better just stay {down}
95%
Just stay {down} this time
95%
You hit the {ground}
94%
The day that {never comes}
90%
The day that {never comes}
90%
Waiting for the {one}
84%
Waiting for the {one}
84%
But the {sunshine} never comes
78%
But the {sunshine} never comes, no
78%
No the {sunshine} never comes
78%
{Mouth} so full of lies
76%
You'll have your {time}
72%
When you stand {up}
71%
When you stand {up}
71%
Just keep {waiting}
70%
{Love} is a four letter word
70%
{Love} is a four letter word
70%
Take it back {one day}
69%
I'll {end} this day
68%
I'll put an {end} to
68%
Push you {cross} that line
68%
Keep {praying}
67%
This I {swear}
67%
This I {swear}!
67%
{God} I'll make them pay
66%
Just keep them {closed}
66%
Crawl in {yourself}
65%
Hide in {yourself}
65%
And feel the {warmth}
61%
And feel the {warmth}
61%
I'll splatter {color}
61%
You pull away, he hits {the flesh}
60%
Here in this {prison}
58%
I {suffer} this no longer
52%
Tend to {black your eyes}
46%
On this {gray}
43%
And never spoken here
0%
These {stars} will
0%
These {stars} will
0%
This {starts} where the sun will shine
0%
No matching quizzes found
Score Distribution
Percent of People with Each Score
Percentile by Number Answered
Your Score History
You have not taken this quiz